Catálogo
 En Linea

Esquema histórico-económico de Venezuela : (Registro nro. 2193)

Detalles MARC
000 -CABECERA
campo de control de longitud fija 00988cam a2200241 a 4500
001 - NÚMERO DE CONTROL
campo de control 000002351
003 - IDENTIFICADOR DEL NÚMERO DE CONTROL
campo de control DO-SdBNP
005 - FECHA Y HORA DE LA ÚLTIMA TRANSACCIÓN
campo de control 20251030090210.0
008 - DATOS DE LONGITUD FIJA--INFORMACIÓN GENERAL
campo de control de longitud fija 771130s1970 ve b 001 0 spa
040 ## - FUENTE DE LA CATALOGACIÓN
Centro catalogador/agencia de origen DO-SdBNP
Lengua de catalogación spa
Centro/agencia transcriptor BNPHU
082 #4 - NÚMERO DE LA CLASIFICACIÓN DECIMAL DEWEY
Número de clasificación 330.987
Número de documento/Ítem D229e
Número de edición 22
100 1# - ENTRADA PRINCIPAL--NOMBRE DE PERSONA
Nombre de persona D'Ascoli, Carlos A.
Forma completa/desarrollada del nombre (Carlos Alberto),
Fechas asociadas al nombre 1899-
9 (RLIN) 7471
245 10 - MENCIÓN DE TÍTULO
Título Esquema histórico-económico de Venezuela :
Resto del título del mito del dorado a la economía del café /
Mención de responsabilidad, etc. Carlos A. d'Ascoli ; prólogo de José Antonio Mayobre.
260 ## - PUBLICACIÓN, DISTRIBUCIÓN, ETC.
Lugar de publicación, distribución, etc. Caracas :
Nombre del editor, distribuidor, etc. Banco Central de Venezuela,
Fecha de publicación, distribución, etc. 1970.
300 ## - DESCRIPCIÓN FÍSICA
Extensión 402 p. ;
Dimensiones 19 cm.
500 ## - NOTA GENERAL
Nota general "Curso dictado en la Escuela de Ciencias Economicas y Sociales de la U.C.V. de 1942 a 1945."
504 ## - NOTA DE BIBLIOGRAFÍA, ETC.
Nota de bibliografía, etc. Incluye referencias bibliográficas
651 #0 - PUNTO DE ACCESO ADICIONAL DE MATERIA--NOMBRE GEOGRÁFICO
Nombre geográfico Venezuela
Subdivisión general Condiciones económicas
-- Historia
9 (RLIN) 26230
651 #0 - PUNTO DE ACCESO ADICIONAL DE MATERIA--NOMBRE GEOGRÁFICO
Nombre geográfico Venezuela
Subdivisión general Política económica
9 (RLIN) 26230
700 1# - PUNTO DE ACCESO ADICIONAL--NOMBRE DE PERSONA
Nombre de persona Mayobre, José Antonio
Término indicativo de función/relación prol.
9 (RLIN) 7474
910 ## - DATOS DE OPCIÓN DEL USUARIO (OCLC)
Datos de opción del usuario Catalogación por copia / LC
942 ## - ELEMENTOS DE PUNTO DE ACCESO ADICIONAL (KOHA)
Fuente del sistema de clasificación o colocación Dewey Decimal Classification
Tipo de ítem Koha Libro
Existencias
Estado de retiro Estado de pérdida Restricciones de uso No para préstamo Código de colección Localización permanente Ubicación/localización actual Ubicación en estantería Fecha de adquisición Número de inventario Total de préstamos Signatura topográfica completa Código de barras Fecha visto por última vez Precio válido a partir de Tipo de ítem Koha
    Préstamo interno   Monografías: Libros y Folletos General General En catalogación 09.07.2009 LF1   330.987 D229e 2351-10 25.06.2020 25.06.2020 Préstamo interno

Con tecnología Koha